000 00880nmm a2200265 a 4500
001 ocm0002347400
003 TR-IsHL
005 20201028184753.0
008 190517s2019 tu eng
007 cr cn
020 _a9786057566904
035 _a2347400
_b(N$T)
050 0 4 _aPR6037.A95
_bW4 2019
090 0 4 _aPR6037.A95
_bW4 2019
100 1 _aSayers, Dorothy Leigh
245 1 0 _aWhose body?
_h[electronic resource] /
_cDorothy Leigh Sayers
260 _aİstanbul :
_be-Kitap Projesi & Cheapest Books,
_c2019
300 _a225 p.
650 4 _aDil ve Edebiyat
650 4 _aLanguage and Literature
650 0 _aİngiliz romanı
650 0 _aEnglish fiction
650 7 _aLITERARY COLLECTIONS / European / English, Irish, Scottish, Welsh
_2bisacsh
856 4 0 _uhttp://search.ebscohost.com/login.aspx?direct=true&scope=site&db=e011xww&AN=2347400
999 _c21158
_d21158